000 00488nam a22001817a 4500
005 20170711153242.0
010 _aENG-119154
020 _c120.00
035 _aEN-102686
037 _bDBAD/PUB
082 _a881
100 _aHansdak,Imogene
245 _aThe golden chord/
_cby Imogene Hansdak
260 _aCalcutta
_bWriters Workshop
_c2010
270 _a162/92, Lake Gardens,
_bCalcutta
_e700045
300 _a44p.
_c22cm(Hb)
942 _2ddc
_cEN
_h881
_mHAN
999 _c142437
_d142437